[Event "Blondes - Brunettes"]
[Site "Moscow"]
[Date "2020.03.15"]
[Round "5.9"]
[White "Mirzoeva, Elmira"]
[Black "Danielian, Elina"]
[Result "1-0"]
[BlackElo "2262"]
[WhiteElo "2135"]
[LiveChessVersion "1.4.8"]

1. d4 {[%clk 0:03:03]} Nf6 {[%clk 0:03:00]} 2. c4 {[%clk 0:03:04]} e6
{[%clk 0:03:01]} 3. Nf3 {[%clk 0:03:04]} Bb4+ {[%clk 0:02:56]} 4. Nbd2
{[%clk 0:03:03]} b6 {[%clk 0:02:52]} 5. a3 {[%clk 0:03:03]} Bxd2+
{[%clk 0:02:53]} 6. Qxd2 {[%clk 0:03:04]} Bb7 {[%clk 0:02:54]} 7. e3
{[%clk 0:03:04]} d6 {[%clk 0:02:48]} 8. Be2 {[%clk 0:03:04]} Nbd7
{[%clk 0:02:48]} 9. b4 {[%clk 0:03:02]} O-O {[%clk 0:02:45]} 10. O-O
{[%clk 0:02:57]} a5 {[%clk 0:02:43]} 11. Bb2 {[%clk 0:02:49]} Ne4
{[%clk 0:02:37]} 12. Qc2 {[%clk 0:02:47]} f5 {[%clk 0:02:20]} 13. d5
{[%clk 0:02:43]} e5 {[%clk 0:02:14]} 14. Ne1 {[%clk 0:02:16]} axb4
{[%clk 0:01:50]} 15. axb4 {[%clk 0:02:16]} Rxa1 {[%clk 0:01:51]} 16. Bxa1
{[%clk 0:02:17]} Qe7 {[%clk 0:00:54]} 17. Bd3 {[%clk 0:02:05]} b5
{[%clk 0:00:45]} 18. f3 {[%clk 0:00:56]} bxc4 {[%clk 0:00:43]} 19. fxe4
{[%clk 0:00:38]} cxd3 {[%clk 0:00:44]} 20. Qxc7 {[%clk 0:00:36]} fxe4
{[%clk 0:00:31]} 21. Rxf8+ {[%clk 0:00:22]} Kxf8 {[%clk 0:00:32]} 22. Bc3
{[%clk 0:00:22]} Ba6 {[%clk 0:00:24]} 23. Qc6 {[%clk 0:00:17]} Nb8
{[%clk 0:00:16]} 24. Qb6 {[%clk 0:00:16]} Qb7 {[%clk 0:00:04]} 25. Qxd6+
{[%clk 0:00:16]} Kg8 {[%clk 0:00:04]} 26. Qxe5 {[%clk 0:00:12]} h6
{[%clk 0:00:04]} 27. d6 {[%clk 0:00:12]} Bb5 {[%clk 0:00:05]} 28. Qe6+
{[%clk 0:00:05]} Kf8 {[%clk 0:00:03]} 29. Qf5+ {[%clk 0:00:04]} Kg8
{[%clk 0:00:04]} 30. Qe6+ {[%clk 0:00:04]} Kf8 {[%clk 0:00:05]} 31. Qf5+
{[%clk 0:00:04]} Kg8 {[%clk 0:00:07]} 32. Qe6+ {[%clk 0:00:04]} Kh7
{[%clk 0:00:08]} 33. Qf5+ {[%clk 0:00:05]} Kg8 {[%clk 0:00:09]} 34. Qe6+
{[%clk 0:00:06]} Kf8 {[%clk 0:00:10]} 35. Qf5+ {[%clk 0:00:04]} Kg8
{[%clk 0:00:11]} 36. g3 {[%clk 0:00:05]} Qc6 {[%clk 0:00:10]} 37. Qe5
{[%clk 0:00:05]} Qd7 {[%clk 0:00:11]} 38. Ng2 {[%clk 0:00:05]} Nc6
{[%clk 0:00:12]} 39. Qd5+ {[%clk 0:00:04]} Kh8 {[%clk 0:00:13]} 40. Qxb5
{[%clk 0:00:05]} Qg4 {[%clk 0:00:05]} 41. Qxc6 {[%clk 0:00:05]} Qd1+
{[%clk 0:00:06]} 42. Ne1 {[%clk 0:00:06]} Qe2 {[%clk 0:00:05]} 43. Qd5
{[%clk 0:00:07]} Qxe3+ {[%clk 0:00:04]} 44. Kg2 {[%clk 0:00:08]} Qe2+
{[%clk 0:00:05]} 45. Kh3 {[%clk 0:00:08]} Qf1+ {[%clk 0:00:05]} 46. Ng2
{[%clk 0:00:09]} Qf3 {[%clk 0:00:05]} 47. d7 {[%clk 0:00:10]} Kh7
{[%clk 0:00:00]} 1-0

[Event "Blondes - Brunettes"]
[Site "Moscow"]
[Date "2020.03.15"]
[Round "5.10"]
[White "Kosteniuk, Oksana"]
[Black "Girya, Olga"]
[Result "0-1"]
[BlackElo "2250"]
[WhiteElo "1927"]
[LiveChessVersion "1.4.8"]

1. Nf3 {[%clk 0:03:03]} d5 {[%clk 0:03:04]} 2. g3 {[%clk 0:03:04]} Bg4
{[%clk 0:03:05]} 3. Bg2 {[%clk 0:03:04]} c6 {[%clk 0:03:06]} 4. O-O
{[%clk 0:03:00]} Nd7 {[%clk 0:03:08]} 5. d3 {[%clk 0:02:58]} e5 {[%clk 0:03:07]}
6. h3 {[%clk 0:02:46]} Bxf3 {[%clk 0:03:07]} 7. Bxf3 {[%clk 0:02:46]} Ngf6
{[%clk 0:03:08]} 8. c4 {[%clk 0:02:38]} dxc4 {[%clk 0:02:49]} 9. dxc4
{[%clk 0:02:38]} Bc5 {[%clk 0:02:51]} 10. Nc3 {[%clk 0:02:31]} O-O
{[%clk 0:02:49]} 11. Bg5 {[%clk 0:02:29]} h6 {[%clk 0:02:30]} 12. Bxf6
{[%clk 0:02:13]} Nxf6 {[%clk 0:02:31]} 13. Ne4 {[%clk 0:02:07]} Nxe4
{[%clk 0:02:26]} 14. Bxe4 {[%clk 0:02:08]} f5 {[%clk 0:02:24]} 15. Bg2
{[%clk 0:02:06]} Qf6 {[%clk 0:02:13]} 16. Qb3 {[%clk 0:01:55]} Rf7
{[%clk 0:02:11]} 17. e3 {[%clk 0:01:42]} a5 {[%clk 0:02:08]} 18. a4
{[%clk 0:01:35]} e4 {[%clk 0:01:15]} 19. Rad1 {[%clk 0:01:29]} Rd8
{[%clk 0:00:44]} 20. Rxd8+ {[%clk 0:01:26]} Qxd8 {[%clk 0:00:45]} 21. Rd1
{[%clk 0:01:27]} Rd7 {[%clk 0:00:47]} 22. Rxd7 {[%clk 0:01:02]} Qxd7
{[%clk 0:00:48]} 23. Bf1 {[%clk 0:00:51]} b6 {[%clk 0:00:36]} 24. Kg2
{[%clk 0:00:42]} Qd2 {[%clk 0:00:30]} 25. Qc3 {[%clk 0:00:17]} Qxc3
{[%clk 0:00:31]} 26. bxc3 {[%clk 0:00:17]} Kf7 {[%clk 0:00:31]} 27. g4
{[%clk 0:00:10]} Kf6 {[%clk 0:00:27]} 28. Kg3 {[%clk 0:00:08]} Ba3
{[%clk 0:00:09]} 29. gxf5 {[%clk 0:00:03]} Kxf5 {[%clk 0:00:09]} 30. h4
{[%clk 0:00:05]} Bb2 {[%clk 0:00:05]} 31. Bh3+ {[%clk 0:00:06]} Ke5
{[%clk 0:00:06]} 32. Bd7 {[%clk 0:00:06]} Kd6 {[%clk 0:00:05]} 33. Be8
{[%clk 0:00:07]} Bxc3 {[%clk 0:00:06]} 34. Kf4 {[%clk 0:00:07]} Be1
{[%clk 0:00:07]} 35. Kxe4 {[%clk 0:00:06]} Bxf2 {[%clk 0:00:07]} 36. h5
{[%clk 0:00:08]} Kc5 {[%clk 0:00:07]} 37. Bf7 {[%clk 0:00:08]} Kb4
{[%clk 0:00:07]} 38. Be8 {[%clk 0:00:08]} Kxa4 {[%clk 0:00:07]} 39. Bxc6+
{[%clk 0:00:09]} Kb4 {[%clk 0:00:08]} 40. Bb5 {[%clk 0:00:09]} a4
{[%clk 0:00:08]} 41. Kd3 {[%clk 0:00:09]} Kb3 {[%clk 0:00:08]} 42. e4
{[%clk 0:00:07]} a3 {[%clk 0:00:07]} 43. c5 {[%clk 0:00:07]} Bxc5
{[%clk 0:00:04]} 44. Bc4+ {[%clk 0:00:07]} Kb2 {[%clk 0:00:05]} 45. e5
{[%clk 0:00:07]} a2 {[%clk 0:00:06]} 46. Bxa2 {[%clk 0:00:07]} Kxa2
{[%clk 0:00:07]} 47. Ke4 {[%clk 0:00:07]} Kb3 {[%clk 0:00:08]} 48. Kd5
{[%clk 0:00:07]} Kc3 {[%clk 0:00:08]} 49. e6 {[%clk 0:00:05]} Kd3
{[%clk 0:00:08]} 50. Kc6 {[%clk 0:00:06]} Ke4 {[%clk 0:00:09]} 51. Kd7
{[%clk 0:00:07]} Kf5 {[%clk 0:00:10]} 52. e7 {[%clk 0:00:08]} Bxe7
{[%clk 0:00:11]} 53. Kxe7 {[%clk 0:00:09]} b5 {[%clk 0:00:12]} 54. Kf7
{[%clk 0:00:10]} b4 {[%clk 0:00:13]} 55. Kxg7 {[%clk 0:00:11]} Kg5 0-1

[Event "Blondes - Brunettes"]
[Site "Moscow"]
[Date "2020.03.15"]
[Round "6.1"]
[White "Bivol, Alina"]
[Black "Kosteniuk, Alexandra"]
[Result "1-0"]
[BlackElo "2521"]
[WhiteElo "2219"]
[LiveChessVersion "1.4.8"]

1. Nf3 {[%clk 0:03:03]} Nf6 {[%clk 0:03:03]} 2. g3 {[%clk 0:03:04]} b6
{[%clk 0:03:05]} 3. Bg2 {[%clk 0:03:04]} Bb7 {[%clk 0:03:06]} 4. O-O
{[%clk 0:03:04]} e6 {[%clk 0:03:06]} 5. c4 {[%clk 0:03:03]} Be7 {[%clk 0:03:07]}
6. d4 {[%clk 0:03:04]} O-O {[%clk 0:03:07]} 7. Nc3 {[%clk 0:03:04]} Ne4
{[%clk 0:03:08]} 8. Nxe4 {[%clk 0:02:34]} Bxe4 {[%clk 0:03:08]} 9. b3
{[%clk 0:02:35]} d5 {[%clk 0:03:06]} 10. Bf4 {[%clk 0:02:31]} dxc4
{[%clk 0:02:52]} 11. bxc4 {[%clk 0:02:31]} c5 {[%clk 0:02:53]} 12. dxc5
{[%clk 0:02:25]} Bxc5 {[%clk 0:02:52]} 13. Ne5 {[%clk 0:02:19]} Bxg2
{[%clk 0:02:46]} 14. Kxg2 {[%clk 0:02:18]} Qc8 {[%clk 0:02:46]} 15. Qb3
{[%clk 0:02:05]} Nc6 {[%clk 0:02:39]} 16. Rad1 {[%clk 0:01:51]} Nd4
{[%clk 0:02:18]} 17. Qb2 {[%clk 0:01:51]} Qb7+ {[%clk 0:02:03]} 18. Kg1
{[%clk 0:01:44]} Qe4 {[%clk 0:01:45]} 19. e3 {[%clk 0:01:15]} Nf3+
{[%clk 0:01:30]} 20. Nxf3 {[%clk 0:01:15]} Qxf3 {[%clk 0:01:31]} 21. Qe5
{[%clk 0:00:43]} h6 {[%clk 0:01:25]} 22. Qc7 {[%clk 0:00:40]} Rfc8
{[%clk 0:01:21]} 23. Qd7 {[%clk 0:00:40]} Qe4 {[%clk 0:01:18]} 24. Qa4
{[%clk 0:00:31]} g5 {[%clk 0:01:09]} 25. Bd6 {[%clk 0:00:30]} Bxd6
{[%clk 0:01:08]} 26. Rxd6 {[%clk 0:00:32]} Qxc4 {[%clk 0:01:08]} 27. Rd8+
{[%clk 0:00:22]} Rxd8 {[%clk 0:01:05]} 28. Qxc4 {[%clk 0:00:23]} Rd5
{[%clk 0:01:06]} 29. Qc3 {[%clk 0:00:24]} Rad8 {[%clk 0:01:07]} 30. Kg2
{[%clk 0:00:25]} Kh7 {[%clk 0:01:06]} 31. Qf6 {[%clk 0:00:26]} R8d7
{[%clk 0:01:07]} 32. Rc1 {[%clk 0:00:27]} Rf5 {[%clk 0:01:08]} 33. Qb2
{[%clk 0:00:27]} f6 {[%clk 0:00:42]} 34. Rc8 {[%clk 0:00:27]} Kg7
{[%clk 0:00:43]} 35. Qb4 {[%clk 0:00:25]} Rf7 {[%clk 0:00:42]} 36. Qd6
{[%clk 0:00:25]} Re5 {[%clk 0:00:40]} 37. Qd8 {[%clk 0:00:26]} Kg6
{[%clk 0:00:39]} 38. Qg8+ {[%clk 0:00:23]} Rg7 {[%clk 0:00:41]} 39. Qe8+
{[%clk 0:00:24]} Kf5 {[%clk 0:00:40]} 40. h3 {[%clk 0:00:21]} Rd5
{[%clk 0:00:40]} 41. e4+ {[%clk 0:00:18]} Kxe4 {[%clk 0:00:40]} 42. Qxe6+
{[%clk 0:00:18]} Re5 {[%clk 0:00:41]} 43. Qc4+ {[%clk 0:00:15]} Kf5
{[%clk 0:00:41]} 44. Qd3+ {[%clk 0:00:15]} Ke6 {[%clk 0:00:41]} 45. Re8+
{[%clk 0:00:14]} Kf7 {[%clk 0:00:40]} 46. Rxe5 {[%clk 0:00:12]} fxe5
{[%clk 0:00:42]} 47. Qf5+ {[%clk 0:00:13]} Kg8 {[%clk 0:00:43]} 48. Qxe5
{[%clk 0:00:13]} Rf7 {[%clk 0:00:42]} 49. f4 {[%clk 0:00:14]} gxf4
{[%clk 0:00:43]} 50. gxf4 {[%clk 0:00:15]} 1-0

[Event "Blondes - Brunettes"]
[Site "Moscow"]
[Date "2020.03.15"]
[Round "6.2"]
[White "Badelka, Olga"]
[Black "Goryachkina, Aleksandra"]
[Result "0-1"]
[BlackElo "2441"]
[WhiteElo "2153"]
[LiveChessVersion "1.4.8"]

1. c4 {[%clk 0:03:02]} c6 {[%clk 0:03:01]} 2. Nf3 {[%clk 0:03:01]} d5
{[%clk 0:03:02]} 3. e3 {[%clk 0:03:02]} Nf6 {[%clk 0:03:02]} 4. b3
{[%clk 0:03:02]} e6 {[%clk 0:03:02]} 5. Bb2 {[%clk 0:03:03]} Bd6 {[%clk 0:03:02]}
6. Be2 {[%clk 0:03:01]} O-O {[%clk 0:03:01]} 7. Nc3 {[%clk 0:02:58]} e5
{[%clk 0:03:01]} 8. cxd5 {[%clk 0:02:55]} cxd5 {[%clk 0:03:02]} 9. Nb5
{[%clk 0:02:52]} e4 {[%clk 0:03:02]} 10. Nfd4 {[%clk 0:02:36]} Be5
{[%clk 0:03:02]} 11. d3 {[%clk 0:02:19]} a6 {[%clk 0:02:56]} 12. Nc3
{[%clk 0:02:19]} Bxd4 {[%clk 0:02:37]} 13. exd4 {[%clk 0:02:20]} exd3
{[%clk 0:02:32]} 14. Qxd3 {[%clk 0:02:19]} Nc6 {[%clk 0:02:33]} 15. O-O
{[%clk 0:02:16]} Bg4 {[%clk 0:02:32]} 16. Bxg4 {[%clk 0:02:01]} Nxg4
{[%clk 0:02:33]} 17. Qg3 {[%clk 0:02:01]} Nf6 {[%clk 0:02:33]} 18. Rad1
{[%clk 0:01:58]} Re8 {[%clk 0:02:34]} 19. Bc1 {[%clk 0:01:58]} Ne4
{[%clk 0:02:30]} 20. Nxe4 {[%clk 0:01:58]} Rxe4 {[%clk 0:02:30]} 21. Bg5
{[%clk 0:01:54]} f6 {[%clk 0:02:15]} 22. Be3 {[%clk 0:01:54]} Qd7
{[%clk 0:02:15]} 23. h4 {[%clk 0:01:39]} Rae8 {[%clk 0:02:03]} 24. h5
{[%clk 0:01:35]} Kf7 {[%clk 0:01:59]} 25. h6 {[%clk 0:01:28]} g6 {[%clk 0:02:00]}
26. Rc1 {[%clk 0:01:21]} R8e7 {[%clk 0:01:56]} 27. Rfd1 {[%clk 0:01:21]} g5
{[%clk 0:01:29]} 28. Rc5 {[%clk 0:01:00]} Kg6 {[%clk 0:01:25]} 29. Qf3
{[%clk 0:00:59]} Qe6 {[%clk 0:01:17]} 30. Rdc1 {[%clk 0:00:43]} Rd7
{[%clk 0:01:16]} 31. b4 {[%clk 0:00:26]} Kxh6 {[%clk 0:01:14]} 32. b5
{[%clk 0:00:13]} axb5 {[%clk 0:01:14]} 33. Rxb5 {[%clk 0:00:15]} Nxd4
{[%clk 0:00:53]} 34. Bxd4 {[%clk 0:00:16]} Rxd4 {[%clk 0:00:54]} 35. Rcb1
{[%clk 0:00:17]} Kg6 {[%clk 0:00:45]} 36. Rb6 {[%clk 0:00:07]} Qf5
{[%clk 0:00:36]} 37. Qc3 {[%clk 0:00:07]} Rc4 {[%clk 0:00:29]} 38. Qe1
{[%clk 0:00:06]} Rc8 {[%clk 0:00:23]} 39. Rxb7 {[%clk 0:00:04]} Rxb7
{[%clk 0:00:21]} 40. Rxb7 {[%clk 0:00:06]} Qe4 {[%clk 0:00:17]} 41. Qd1
{[%clk 0:00:03]} d4 {[%clk 0:00:07]} 42. Rb2 {[%clk 0:00:04]} Qf4
{[%clk 0:00:07]} 43. Rd2 {[%clk 0:00:04]} Rd8 {[%clk 0:00:08]} 44. Rd3
{[%clk 0:00:04]} Qe4 {[%clk 0:00:09]} 45. f3 {[%clk 0:00:05]} Qe5
{[%clk 0:00:10]} 46. Qa4 {[%clk 0:00:04]} Qe1+ {[%clk 0:00:09]} 47. Kh2
{[%clk 0:00:05]} Qh4+ {[%clk 0:00:09]} 48. Kg1 {[%clk 0:00:06]} Qe1+ 49. Kh2 Qe5+
{[%clk 0:00:08]} 50. Kg1 {[%clk 0:00:08]} h5 {[%clk 0:00:07]} 51. Qc6
{[%clk 0:00:04]} h4 {[%clk 0:00:08]} 52. a4 {[%clk 0:00:04]} Re8 {[%clk 0:00:08]}
53. Qd7 {[%clk 0:00:03]} Qe1+ {[%clk 0:00:08]} 54. Kh2 {[%clk 0:00:03]} Qg3+
{[%clk 0:00:09]} 0-1

[Event "Blondes - Brunettes"]
[Site "Moscow"]
[Date "2020.03.15"]
[Round "6.3"]
[White "Obolentseva, Alexandra"]
[Black "Bodnaruk, Anastasia"]
[Result "1-0"]
[BlackElo "2415"]
[WhiteElo "2113"]
[LiveChessVersion "1.4.8"]

1. d4 {[%clk 0:03:02]} Nf6 {[%clk 0:03:03]} 2. c4 {[%clk 0:03:03]} g6
{[%clk 0:03:05]} 3. Nc3 {[%clk 0:03:04]} Bg7 {[%clk 0:03:06]} 4. e4
{[%clk 0:03:04]} d6 {[%clk 0:03:07]} 5. Nf3 {[%clk 0:03:05]} O-O {[%clk 0:03:08]}
6. Be2 {[%clk 0:03:06]} e5 {[%clk 0:03:09]} 7. O-O {[%clk 0:03:06]} Nc6
{[%clk 0:03:10]} 8. d5 {[%clk 0:03:07]} Ne7 {[%clk 0:03:11]} 9. b4
{[%clk 0:03:08]} a5 {[%clk 0:03:11]} 10. bxa5 {[%clk 0:03:08]} Rxa5
{[%clk 0:03:09]} 11. a4 {[%clk 0:03:08]} Ne8 {[%clk 0:02:45]} 12. Nd2
{[%clk 0:03:08]} Ra8 {[%clk 0:02:42]} 13. Nb3 {[%clk 0:03:08]} c5
{[%clk 0:02:26]} 14. Ba3 {[%clk 0:02:33]} f5 {[%clk 0:02:20]} 15. Nxc5
{[%clk 0:02:33]} dxc5 {[%clk 0:02:20]} 16. Bxc5 {[%clk 0:02:33]} Kh8
{[%clk 0:01:26]} 17. Qb3 {[%clk 0:02:32]} Nd6 {[%clk 0:01:17]} 18. Qb4
{[%clk 0:02:30]} Ra6 {[%clk 0:01:04]} 19. Nb5 {[%clk 0:02:25]} Rf6
{[%clk 0:00:29]} 20. Nxd6 {[%clk 0:02:21]} Raxd6 {[%clk 0:00:25]} 21. Bxd6
{[%clk 0:02:21]} Rxd6 {[%clk 0:00:22]} 22. c5 Rf6 23. Bb5 {[%clk 0:02:07]} fxe4
{[%clk 0:00:22]} 24. d6 {[%clk 0:02:08]} Nc6 {[%clk 0:00:19]} 25. Bxc6
{[%clk 0:02:08]} bxc6 {[%clk 0:00:20]} 26. Qb8 {[%clk 0:02:03]} Rf8
{[%clk 0:00:18]} 27. Rfd1 {[%clk 0:01:47]} Qg5 {[%clk 0:00:16]} 28. Qb3
{[%clk 0:01:42]} Ba6 {[%clk 0:00:10]} 29. a5 {[%clk 0:01:34]} Bf6
{[%clk 0:00:08]} 30. Ra2 {[%clk 0:01:29]} Bd8 {[%clk 0:00:06]} 31. Qe6
{[%clk 0:01:25]} e3 {[%clk 0:00:05]} 32. d7 {[%clk 0:01:13]} exf2+
{[%clk 0:00:05]} 33. Rxf2 {[%clk 0:01:13]} Qe3 {[%clk 0:00:06]} 34. Qxe5+
{[%clk 0:00:56]} Qxe5 {[%clk 0:00:07]} 35. Rxf8+ {[%clk 0:00:57]} Kg7
{[%clk 0:00:09]} 36. Rxd8 {[%clk 0:00:57]} Qe2 {[%clk 0:00:09]} 37. Rg8+
{[%clk 0:00:55]} Kxg8 {[%clk 0:00:06]} 38. d8=Q+ {[%clk 0:00:55]} Kg7
{[%clk 0:00:07]} 39. Qd4+ {[%clk 0:00:54]} Kg8 {[%clk 0:00:04]} 40. h3
{[%clk 0:00:52]} Bc4 {[%clk 0:00:04]} 41. Qd8+ {[%clk 0:00:52]} Kg7
{[%clk 0:00:05]} 42. Rd7+ {[%clk 0:00:45]} Bf7 {[%clk 0:00:05]} 43. Qe7
{[%clk 0:00:43]} Qc4 {[%clk 0:00:04]} 44. Qxf7+ {[%clk 0:00:42]} 1-0

[Event "Blondes - Brunettes"]
[Site "Moscow"]
[Date "2020.03.15"]
[Round "6.4"]
[White "Fominykh, Maria"]
[Black "Charochkina, Daria"]
[Result "0-1"]
[BlackElo "2332"]
[WhiteElo "2108"]
[LiveChessVersion "1.4.8"]

1. d4 {[%clk 0:03:03]} d6 {[%clk 0:02:56]} 2. Nf3 {[%clk 0:03:04]} Nf6
{[%clk 0:02:57]} 3. c4 {[%clk 0:03:02]} g6 {[%clk 0:02:58]} 4. Nc3
{[%clk 0:03:03]} Bf5 {[%clk 0:02:59]} 5. Nd2 {[%clk 0:02:59]} c5 {[%clk 0:02:37]}
6. d5 {[%clk 0:02:54]} Bg7 {[%clk 0:02:37]} 7. e4 {[%clk 0:02:55]} Bg4
{[%clk 0:02:31]} 8. f3 {[%clk 0:02:51]} Bc8 {[%clk 0:02:31]} 9. Be2
{[%clk 0:02:41]} O-O {[%clk 0:02:27]} 10. O-O {[%clk 0:02:39]} a6
{[%clk 0:02:11]} 11. Rb1 {[%clk 0:02:19]} b5 {[%clk 0:02:08]} 12. cxb5
{[%clk 0:02:18]} axb5 {[%clk 0:02:09]} 13. Bxb5 {[%clk 0:02:17]} Nfd7
{[%clk 0:02:06]} 14. Be2 {[%clk 0:02:06]} Na6 {[%clk 0:01:59]} 15. a3
{[%clk 0:02:04]} Nc7 {[%clk 0:01:51]} 16. Nc4 {[%clk 0:01:58]} Ba6
{[%clk 0:01:53]} 17. Bg5 {[%clk 0:01:50]} h6 {[%clk 0:01:40]} 18. Be3
{[%clk 0:01:50]} Nb5 {[%clk 0:01:16]} 19. Nxb5 {[%clk 0:01:46]} Bxb5
{[%clk 0:01:17]} 20. Qd2 {[%clk 0:01:28]} Kh7 {[%clk 0:01:18]} 21. Rfc1
{[%clk 0:01:20]} f5 {[%clk 0:01:05]} 22. exf5 {[%clk 0:01:14]} Rxf5
{[%clk 0:00:47]} 23. Bd3 {[%clk 0:01:13]} Rf7 {[%clk 0:00:42]} 24. Qc2
{[%clk 0:01:10]} Nf8 {[%clk 0:00:37]} 25. h4 {[%clk 0:01:02]} h5 {[%clk 0:00:37]}
26. Nd2 {[%clk 0:00:57]} Bxd3 {[%clk 0:00:37]} 27. Qxd3 {[%clk 0:00:58]} Nd7
{[%clk 0:00:37]} 28. Ne4 {[%clk 0:00:57]} Bf6 {[%clk 0:00:35]} 29. Bg5
{[%clk 0:00:46]} Ne5 {[%clk 0:00:34]} 30. Qe3 {[%clk 0:00:42]} Qd7
{[%clk 0:00:33]} 31. b4 {[%clk 0:00:36]} cxb4 {[%clk 0:00:25]} 32. axb4
{[%clk 0:00:36]} Bg7 {[%clk 0:00:24]} 33. Bf4 {[%clk 0:00:32]} Bf6
{[%clk 0:00:24]} 34. Bxe5 {[%clk 0:00:30]} dxe5 {[%clk 0:00:24]} 35. Nxf6+
{[%clk 0:00:07]} exf6 {[%clk 0:00:24]} 36. Rc5 {[%clk 0:00:06]} Re8
{[%clk 0:00:25]} 37. b5 {[%clk 0:00:06]} Qd6 {[%clk 0:00:25]} 38. b6
{[%clk 0:00:06]} Rb7 {[%clk 0:00:25]} 39. Rc6 {[%clk 0:00:05]} Qxd5
{[%clk 0:00:25]} 40. Rxf6 {[%clk 0:00:05]} e4 {[%clk 0:00:25]} 41. f4
{[%clk 0:00:03]} Kg7 {[%clk 0:00:16]} 42. Qc3 {[%clk 0:00:03]} Qd3
{[%clk 0:00:15]} 43. Rc6+ {[%clk 0:00:03]} Qxc3 {[%clk 0:00:13]} 44. Rxc3
{[%clk 0:00:04]} Reb8 {[%clk 0:00:12]} 45. Rcb3 {[%clk 0:00:05]} Kf6
{[%clk 0:00:13]} 46. Kf2 {[%clk 0:00:07]} Ke6 {[%clk 0:00:11]} 47. Ke3
{[%clk 0:00:07]} Kd5 {[%clk 0:00:12]} 48. Rb5+ {[%clk 0:00:08]} Kc6
{[%clk 0:00:07]} 49. Kxe4 {[%clk 0:00:08]} Re8+ {[%clk 0:00:07]} 50. Re5
{[%clk 0:00:08]} Ra8 {[%clk 0:00:07]} 51. Re6+ {[%clk 0:00:09]} Kc5
{[%clk 0:00:09]} 52. Rxg6 {[%clk 0:00:09]} Ra4+ {[%clk 0:00:09]} 53. Ke5
{[%clk 0:00:08]} Re7+ {[%clk 0:00:11]} 54. Re6 {[%clk 0:00:09]} Rb7
{[%clk 0:00:10]} 55. f5 {[%clk 0:00:10]} Ra2 {[%clk 0:00:11]} 56. Rc1+
{[%clk 0:00:11]} Kb4 {[%clk 0:00:12]} 57. f6 Re2+ {[%clk 0:00:12]} 58. Kf5
{[%clk 0:00:12]} Rf2+ {[%clk 0:00:13]} 59. Ke4 {[%clk 0:00:12]} Re2+
{[%clk 0:00:14]} 60. Kf3 {[%clk 0:00:12]} Rxe6 {[%clk 0:00:15]} 61. Rc7
{[%clk 0:00:08]} Rbxb6 {[%clk 0:00:13]} 62. f7 {[%clk 0:00:09]} Rf6+
{[%clk 0:00:14]} 63. Ke4 {[%clk 0:00:10]} Rbe6+ {[%clk 0:00:15]} 64. Kd5
{[%clk 0:00:11]} Re1 {[%clk 0:00:15]} 65. Rb7+ {[%clk 0:00:06]} Kc3
{[%clk 0:00:16]} 0-1

[Event "Blondes - Brunettes"]
[Site "Moscow"]
[Date "2020.03.15"]
[Round "6.5"]
[White "Larina, Maria"]
[Black "Voit, Daria"]
[Result "0-1"]
[BlackElo "2326"]
[WhiteElo "1776"]
[LiveChessVersion "1.4.8"]

1. e4 {[%clk 0:03:04]} e6 {[%clk 0:03:03]} 2. d4 {[%clk 0:03:04]} d5
{[%clk 0:03:04]} 3. Nc3 {[%clk 0:03:06]} Bb4 {[%clk 0:03:03]} 4. exd5
{[%clk 0:03:06]} exd5 {[%clk 0:03:03]} 5. Bd3 {[%clk 0:03:07]} c5
{[%clk 0:02:52]} 6. a3 {[%clk 0:02:28]} Bxc3+ {[%clk 0:02:44]} 7. bxc3
{[%clk 0:02:29]} Nc6 {[%clk 0:02:31]} 8. dxc5 {[%clk 0:02:23]} Qa5
{[%clk 0:02:29]} 9. Bd2 {[%clk 0:02:11]} Qxc5 {[%clk 0:02:28]} 10. h3
{[%clk 0:01:50]} Nf6 {[%clk 0:02:22]} 11. Nf3 {[%clk 0:01:51]} O-O
{[%clk 0:02:20]} 12. O-O {[%clk 0:01:52]} h6 {[%clk 0:02:20]} 13. Re1
{[%clk 0:01:51]} Bd7 {[%clk 0:02:16]} 14. Ne5 {[%clk 0:01:43]} Nxe5
{[%clk 0:02:12]} 15. Rxe5 {[%clk 0:01:44]} Rfe8 {[%clk 0:02:13]} 16. Qe2
{[%clk 0:01:20]} Rxe5 {[%clk 0:02:10]} 17. Qxe5 {[%clk 0:01:21]} Re8
{[%clk 0:02:11]} 18. Qg3 {[%clk 0:01:10]} Kh8 {[%clk 0:02:00]} 19. Qh4
{[%clk 0:01:08]} Ne4 {[%clk 0:01:58]} 20. Bxe4 {[%clk 0:00:46]} dxe4
{[%clk 0:01:45]} 21. Re1 {[%clk 0:00:44]} Bc6 {[%clk 0:01:42]} 22. Be3
{[%clk 0:00:35]} Qxc3 {[%clk 0:01:40]} 23. Rd1 {[%clk 0:00:33]} Qxc2
{[%clk 0:01:38]} 24. Rd8 {[%clk 0:00:33]} Rxd8 {[%clk 0:01:29]} 25. Qxd8+
{[%clk 0:00:33]} Kh7 {[%clk 0:01:30]} 26. Qe7 {[%clk 0:00:22]} f6
{[%clk 0:01:09]} 27. Kh2 {[%clk 0:00:22]} a6 {[%clk 0:01:01]} 28. Bd4
{[%clk 0:00:20]} Qd2 {[%clk 0:01:02]} 29. Be3 {[%clk 0:00:15]} Qd5
{[%clk 0:01:01]} 30. Qf8 {[%clk 0:00:11]} Qe5+ {[%clk 0:00:59]} 31. Kg1
{[%clk 0:00:12]} a5 {[%clk 0:00:55]} 32. Qd8 {[%clk 0:00:11]} a4 {[%clk 0:00:51]}
33. Qf8 {[%clk 0:00:10]} b5 {[%clk 0:00:43]} 34. g3 {[%clk 0:00:08]} Bd7
{[%clk 0:00:43]} 35. Kg2 {[%clk 0:00:08]} Qf5 {[%clk 0:00:38]} 36. g4
{[%clk 0:00:09]} Qe6 {[%clk 0:00:20]} 37. Qc5 {[%clk 0:00:09]} Qc4
{[%clk 0:00:16]} 38. Qxc4 {[%clk 0:00:08]} bxc4 {[%clk 0:00:16]} 39. Bd4
{[%clk 0:00:09]} Kg6 {[%clk 0:00:16]} 40. Kg3 {[%clk 0:00:10]} h5
{[%clk 0:00:17]} 41. gxh5+ {[%clk 0:00:10]} Kxh5 {[%clk 0:00:18]} 42. h4
{[%clk 0:00:10]} Kg6 {[%clk 0:00:18]} 43. Bc3 {[%clk 0:00:09]} Kf5
{[%clk 0:00:19]} 44. Bd4 {[%clk 0:00:09]} Be8 {[%clk 0:00:19]} 45. Bc3
{[%clk 0:00:08]} Bh5 {[%clk 0:00:20]} 46. Bd4 {[%clk 0:00:09]} Ke6
{[%clk 0:00:20]} 47. Bc5 {[%clk 0:00:09]} Kd5 {[%clk 0:00:21]} 48. Bf8
{[%clk 0:00:09]} c3 {[%clk 0:00:21]} 49. Bxg7 {[%clk 0:00:09]} c2
{[%clk 0:00:22]} 50. Bh6 {[%clk 0:00:10]} Kd4 {[%clk 0:00:22]} 51. Bc1
{[%clk 0:00:07]} Kd3 {[%clk 0:00:19]} 52. Kf4 {[%clk 0:00:07]} Bf3
{[%clk 0:00:19]} 53. Kf5 {[%clk 0:00:05]} Ke2 {[%clk 0:00:20]} 54. h5
{[%clk 0:00:05]} Bxh5 {[%clk 0:00:20]} 55. Kxe4 {[%clk 0:00:06]} Bg6+
{[%clk 0:00:17]} 56. Kd4 {[%clk 0:00:05]} Kxf2 {[%clk 0:00:17]} 57. Kc3
{[%clk 0:00:06]} Ke2 {[%clk 0:00:17]} 58. Bf4 {[%clk 0:00:05]} Be4
{[%clk 0:00:17]} 59. Kb2 {[%clk 0:00:07]} Kd1 {[%clk 0:00:17]} 60. Be3
{[%clk 0:00:06]} f5 {[%clk 0:00:18]} 61. Bf4 {[%clk 0:00:07]} Ke2
{[%clk 0:00:19]} 62. Kc1 {[%clk 0:00:08]} Kf3 {[%clk 0:00:20]} 63. Bd2
{[%clk 0:00:07]} f4 {[%clk 0:00:21]} 64. Bb4 {[%clk 0:00:06]} Kg2
{[%clk 0:00:21]} 65. Bc5 {[%clk 0:00:06]} f3 {[%clk 0:00:22]} 66. Kd2
{[%clk 0:00:03]} f2 {[%clk 0:00:23]} 67. Bxf2 {[%clk 0:00:00]} Kxf2
{[%clk 0:00:23]} 68. Kc1 {[%clk 0:00:00]} Ke2 {[%clk 0:00:23]} 69. Kb2
{[%clk 0:00:00]} Kd1 {[%clk 0:00:23]} 0-1